00371nam a22001337a 450000500170000000800410001704100230005808200130008110000120009424500390010626000370014530000300018265000250021220240910070319.0240823b |||||||| |||| 00| 0 eng d aEnglish/Afrikaans  a349 LAW  lEnglish aThe Laws of South West Africa 1970 aWindhoek: bBy Authority, c1970 blxi, 223 pages; c25 cm.  aLegal practice bLaw